[Event "GER-chT U20 Girls"]
[Site "Pori"]
[Date "2004.12.27"]
[Round "2.1"]
[White "Ruedel, Anita"]
[Black "Stens, Christine"]
[Result "1-0"]
[WhiteElo "1629"]
[BlackElo "1502"]
[PlyCount "129"]
[EventDate "2004.12.27"]
[EventType "team"]
[EventRounds "7"]
[EventCountry "GER"]
[SourceTitle "EXT 2006"]
[Source "ChessBase"]
[SourceDate "2005.11.24"]
[SourceVersion "1"]
[SourceVersionDate "2005.11.24"]
[SourceQuality "1"]

1. e4 e6 2. d4 d5 3. exd5 exd5 4. Bd3 Bd6 5. Nc3 Nf6 6. Bg5 c6 7. Nge2 0-0 8. Qd2 Nbd7 9. 0-0-0 Be7 10. Ng3 Ng4 11. Bxe7 Qxe7 12. Rde1 Qd8 13. f3 Ngf6 14. Qg5 h6 15. Qf4 Nb6 16. Nf5 Bxf5 17. Qxf5 Re8 18. g4 Qd7 19. Qf4 Rxe1+ 20. Rxe1 Re8 21. Re5 Nc4 22. Bxc4 dxc4 23. Rxe8+ Qxe8 24. Qe5 Qxe5 25. dxe5 Nd5 26. Ne4 b5 27. Kd2 Kf8 28. Nd6 a6 29. Nf5 g6 30. Nxh6 Kg7 31. g5 f6 32. exf6+ Nxf6 33. gxf6+ Kxh6 34. f4 Kh7 35. Ke3 Kg8 36. Ke4 Kf7 37. Ke5 a5 38. b3 cxb3 39. cxb3 a4 40. bxa4 bxa4 41. a3 c5 42. Kd5 Kxf6 43. Kxc5 Kf5 44. Kb4 Kxf4 45. Kxa4 g5 46. Kb5 g4 47. a4 Kf3 48. a5 Kg2 49. a6 Kxh2 50. a7 g3 51. a8Q g2 52. Qh8+ Kg1 53. Kc4 Kf2 54. Qf6+ Ke1 55. Qh4+ Ke2 56. Qg3 Kf1 57. Qf3+ Kg1 58. Kd3 Kh1 59. Qh3+ Kg1 60. Ke3 Kf1 61. Qf3+ Kg1 62. Qf2+ Kh1 63. Qh4+ Kg1 64. Kf3 Kf1 65. Qf2# 1-0